|
|
|
|
| LEADER |
00000naa a2200000 a 4500 |
| 001 |
vtls011052031 |
| 003 |
SK-MaSNL |
| 005 |
20260302143443.0 |
| 008 |
210910|1999 xo |||||||||||||||||slo| |
| 015 |
|
|
|a SNBCL
|
| 035 |
|
|
|a (urnnbn)urn:nbn:sk:snk:ar-a0bvhg
|
| 035 |
|
|
|a urn:nbn:sk:snk-aaw23r
|
| 035 |
|
|
|a (uuid)205fbb8a-c5f1-40fb-919f-b008c7935f8d
|
| 040 |
|
|
|a SNKBUCL
|b slo
|c SNKBUCL
|e AACR2
|
| 041 |
|
|
|a slo
|
| 044 |
|
|
|a xo
|c SK
|
| 100 |
1 |
|
|a Banský, Milan,
|d 1945-2012
|4 aut
|9 38874
|
| 245 |
1 |
0 |
|a MOBILNÁ PÍLA S ELEKTROCENTRÁLOU NA DREVNÝ PLYN
|c Milan Banský, Ondrej Lupták
|
| 246 |
3 |
|
|a THE MOBIL SAW-MILL WITH WOOD GAS POWER PLANT
|
| 336 |
|
|
|a text
|b txt
|c rdacontent
|
| 337 |
|
|
|a bez média
|b n
|c rdamedia
|
| 338 |
|
|
|a zväzok
|b nc
|c rdacarrier
|
| 655 |
|
7 |
|a články zo zborníkov
|2 snkbucl
|9 166140
|
| 700 |
1 |
|
|a Lupták, Ondrej
|4 aut
|9 289081
|
| 773 |
0 |
|
|t Mobilné energetické prostriedky - Hydraulika - Ekologické oleje - Životné prostredie
|d Vo Zvolene : Technická univerzita, 1999
|g S. 7-10
|z 8022808334
|
| 958 |
|
|
|a OND
|
| 958 |
|
|
|a article26
|
| 958 |
|
|
|a chapter
|
| 999 |
|
|
|c 1344618
|d 1346548
|